Statistics for Champions League Goalscorers 2022-2023 MD1

Click here to take the quiz!

General Stats

  • This quiz has been taken 8 times
  • The average score is 19 of 48

Answer Stats

HintAnswer% Correct
Man CityHaaland
100%
Man CityHaaland
100%
BarcelonaLewandowski
100%
BarcelonaLewandowski
100%
BarcelonaLewandowski
100%
Real MadridVinicius Junior
100%
PSGMbappe
86%
PSGMbappe
86%
DortmundReus
86%
Real MadridModric
71%
DortmundBellingham
57%
AjaxBergwijn
57%
LiverpoolDiaz
57%
Man CityFoden
57%
AtleticoGriezmann
57%
Real MadridHazard
57%
Man CityDias
43%
BarcelonaKessie
43%
AjaxKudus
43%
Dinamo ZagrebOrsic
43%
SpursRicharlison
43%
SpursRicharlison
43%
BayernSane
43%
BarcelonaTorres
43%
AjaxBerghuis
29%
SportingEdwards
29%
DonetskMudryk
29%
BenficaSilva
29%
NapoliSimeone
29%
NapoliZielinski
29%
NapoliZielinski
29%
AjaxAlvarez
14%
NapoliAnguissa
14%
DortmundGuerreiro
14%
AtleticoHermoso
14%
JuventusMcKennie
14%
SalzburgOkafor
14%
LeipzigSimakan
14%
PortoUribe
14%
BenficaGrimaldo
0%
MilanSaelemaekers
0%
SportingSantos
0%
DonetskShved
0%
DonetskShved
0%
PlzenSykora
0%
Club BruggeSylla
0%
DonetskTraore
0%
SportingTrincao
0%

Score Distribution

Percentile by Number Answered

Percent of People with Each Score

Your Score History

You have not taken this quiz